000 00550nam a2200193 a 4500
005 20230527063522.0
008 991125s1990 mx 000 0 spa u
020 _a9688531308
035 _aUPN01000000971
049 _aCG
050 4 _aBF724
_bM4.38
100 1 _aMead, Margaret,
_d1901-1978
245 1 0 _aAdolescencia y cultura en Samoa /
_cMargaret Mead ; tr. Elena Dukelsky Yoffe.
260 _aMéxico :
_bPaidós,
_c1990.
300 _a307 p.
440 0 _aPaidós studio ;
_v47
650 4 _aPsicología del adolescente
_91013
905 _aLibro
999 _c971
_d971